| 000 | 00616cam a22002411 4500 | ||
|---|---|---|---|
| 001 | sa 66000880 | ||
| 003 | DLC | ||
| 005 | 20260227112218.0 | ||
| 008 | 900216s1964 ii 000 0 sano | ||
| 010 | _asa 66000880 | ||
| 035 | _a(OCoLC)21073608 | ||
| 040 |
_aDLC _cWaU _dDLC |
||
| 042 | _apremarc | ||
| 050 | 0 | 0 |
_aPK3595 _b.A9 |
| 100 | 1 | _aAvasthi, Krishnakumar. | |
| 245 | 1 | 0 | _aNibanha-prākaśaḥ. |
| 260 | _c[1964] | ||
| 300 |
_a 4, 2, 132 p. _c18 cm. |
||
| 440 | 0 |
_aVidyabhawan Sanskrit granthamala, _v117 |
|
| 500 | _aAdded t. p. in English. | ||
| 500 | _aIn Sanskrit. | ||
| 650 | 0 | _aSanskrit essays. | |
| 999 |
_c67475 _d67475 |
||